| 000 | 00344nam a2200133Ia 4500 | ||
|---|---|---|---|
| 008 | 191201s2005 xx 000 0 und d | ||
| 082 |
_a621.381548 _bANE |
||
| 100 | _aANAND, M M S | ||
| 245 | 0 | _aElectronic Instruments and Instrumentation Technology | |
| 260 |
_aN.Delhi _bPHI _c2005 |
||
| 300 | _a728 | ||
| 650 | _aB.Tech(ECE) | ||
| 942 |
_2ddc _cBK |
||
| 999 |
_c1342 _d1342 |
||